Music Quiz

Random Music or Numbers Quiz

Incredibad Song Titles Quiz Stats

 Plays Quiz not verified by Sporcle

Challenge
Share
Tweet
http://en.wikipedia.org/wiki/File:Incredibad.jpg
Score 0/19 Timer 04:00
0 Plays Today
Number % Correct
4I'm on a Boat
95.7%
3Jizz in My Pants
83%
6Lazy Sunday
83%
14Dick in a Box
80.9%
10Like a Boss
66%
11We Like Sportz
66%
12Dreamgirl
63.8%
18Natalie's Rap
59.6%
19Incredibad
59.6%
17Space Olympics
57.4%
Number % Correct
2Santana DVX
55.3%
5Sax Man
55.3%
8Boombox
55.3%
1Who Said We're Wack?
53.2%
9Shrooms
53.2%
7Normal Guy
51.1%
13Ras Trent
48.9%
16Punch You in the Jeans
46.8%
15The Old Saloon
44.7%

You're not logged in!

Compare scores with friends on all Sporcle quizzes.
Join for Free
OR
Log In

You Might Also Like...

Show Comments

Extras

Top Quizzes Today


Score Distribution

Your Account Isn't Verified!

In order to create a playlist on Sporcle, you need to verify the email address you used during registration. Go to your Sporcle Settings to finish the process.

Report this User

Report this user for behavior that violates our Community Guidelines.

Details: